Property depreciation in government (Record no. 77160)
[ view plain ]
| 000 -LEADER | |
|---|---|
| fixed length control field | 01131cab a2200205 4500 |
| 001 - CONTROL NUMBER | |
| control field | ##L133695 |
| 008 - FIXED-LENGTH DATA ELEMENTS--GENERAL INFORMATION | |
| fixed length control field | 060602n2006 000 0 eng u |
| 035 ## - SYSTEM CONTROL NUMBER | |
| System control number | (Sirsi) u133695 |
| 041 0# - LANGUAGE CODE | |
| Language code of text/sound track or separate title | eng |
| 100 1# - MAIN ENTRY--PERSONAL NAME | |
| Personal name | Andrew, Anthony |
| 245 00 - TITLE STATEMENT | |
| Title | Property depreciation in government |
| 260 ## - PUBLICATION, DISTRIBUTION, ETC. | |
| Date of publication, distribution, etc. | 2006 |
| 490 #0 - SERIES STATEMENT | |
| Series statement | Journal of Property Investment and Finance |
| Volume/sequential designation | 24(3) 2006, 259-263(5) |
| 520 ## - SUMMARY, ETC. | |
| Summary, etc. | Examines the way the UK government accounting and capital charging system allows for depreciation. Aimed at asset managers, public sector finance managers and researchers who deal with long-term investment in non-specialised public sector property portfolios. Finds that the utility of the measures of depreciation for asset managers is limited. Asserts that better measures could be designed to provide broad indicators of the deterioration of large public sector portfolios of assets such as offices or housing. [Taken from journal abstract]. |
| 590 ## - LOCAL NOTE (RLIN) | |
| Local note | IKA060606 |
| 651 #4 - SUBJECT ADDED ENTRY--GEOGRAPHIC NAME | |
| Geographic name | United Kingdom |
| Chronological subdivision | |
| 690 ## - LOCAL SUBJECT ADDED ENTRY--TOPICAL TERM (OCLC, RLIN) | |
| Topical term or geographic name as entry element | PROPERTY-PROPERTY FINANCE AND INVESTMENT-PROPERTY INVESTMENT MANAGEMENT |
| 700 1# - ADDED ENTRY--PERSONAL NAME | |
| Personal name | Pitt, Michael |
| Titles and other words associated with a name | Sir |
| 942 ## - ADDED ENTRY ELEMENTS (KOHA) | |
| Suppress in OPAC | 0 |
| Withdrawn status | Lost status | Source of classification or shelving scheme | Damaged status | Not for loan | Home library | Current library | Shelving location | Date acquired | Total Checkouts | Full call number | Barcode | Date last seen | Copy number | Price effective from | Koha item type |
|---|---|---|---|---|---|---|---|---|---|---|---|---|---|---|---|
| Dewey Decimal Classification | London | London | Journal article | 02/06/2006 | L133695 | 133695-1001 | 06/08/2019 | 1 | 06/08/2019 | Journal article |